Neformálny rizikový investičný kapitál
Zdroje financovania MSP v zmysle príslušnej etapy rozvoja. Charakteristika finančného nástroja obchodní anjeli (business angels). Možnosti rozvoja neformálneho rizikového investičného kapitálu v SR.
Saved in:
| Main Author: | |
|---|---|
| Other Authors: | |
| Format: | Book Chapter |
| Language: | Slovak |
| Subjects: | |
| Tags: |
No Tags, Be the first to tag this record!
|
MARC
| LEADER | 00000naa$a2200000$$$4500 | ||
|---|---|---|---|
| 001 | 0052392 | ||
| 005 | 20240502083136.4 | ||
| 041 | 0 | |a slo | |
| 044 | |a CZ | ||
| 245 | 1 | 0 | |a Neformálny rizikový investičný kapitál |c Viktória Bobáková, Magdaléna Karchová |
| 520 | |a Zdroje financovania MSP v zmysle príslušnej etapy rozvoja. Charakteristika finančného nástroja obchodní anjeli (business angels). Možnosti rozvoja neformálneho rizikového investičného kapitálu v SR. | ||
| 610 | 2 | 0 | |a kapitál rizikový |
| 610 | 2 | 0 | |a zdroje finančné |
| 610 | 2 | 0 | |a investície kapitálové |
| 610 | 2 | 0 | |a prostredie podnikateľské |
| 610 | 2 | 0 | |a nástroje finančné |
| 100 | 1 | |a Bobáková, Viktória | |
| 700 | 1 | |a Karchová, Magdaléna, 1981- | |